| 000 | 00612nam a2200181 a 4500 | ||
|---|---|---|---|
| 001 | 000040290 | ||
| 005 | 20201002034033.0 | ||
| 008 | 130821s2005 sp a 000 0 spa d | ||
| 020 | _a8496435202 | ||
| 040 |
_aDO-SdBNP _bspa _cBNPHU |
||
| 082 |
_axxx _bxxxx |
||
| 100 | 1 |
_aIgea Aznar, Juan Manuel _966570 |
|
| 245 | 1 | 0 |
_aAlergia : _bla epidemia del siglo XXI / _cJuan Manuel Igea Aznar, María Palomero Mesonero. |
| 260 |
_aMálaga, España : _bArguval, _c2005. |
||
| 300 |
_a152 p. : _bil. ; _c16 cm. |
||
| 590 | _aInventariado, 2019/ YL | ||
| 500 | _aIncluye datos biográficos de los autores en la contracubierta | ||
| 999 |
_c39780 _d39780 |
||